000 00563nam a22001577u 4500
008 130405s1982 xxu||||| |||| 00| 0 spa d
041 _aspa
245 0 0 _aLa irrupción del pobre en la sociedad y en la Iglesia
_b:Documentos finales del IV Congreso Internacional Ecuménico de Teología del Tercer Mundo
_cTeófilo Cabestrero
260 _aBilbao:
_bDesclée de Brouwer,
_c1982
300 _a122 p.
_c;21 cm.
490 0 _aTercer Mundo. Tercera Iglesia
_v11
650 0 4 _aSociología
_915857
700 1 _aCabestrero, Teófilo
_94044
942 _cBK
001 42054
999 _c294422
_d294422